Dickens' Characters Quiz Stats

 Plays Quiz not verified by Sporcle

Score 0/200 Timer 20:00
0 Plays Today
% Correct
Oliver Twist
82.4%
Fagin
70.1%
Artful Dodger
67%
Nicholas Nickleby
66.4%
Nancy
62.7%
Bill Sikes
58.3%
Ebenezer Scrooge
52.8%
Tiny Tim
50.3%
David Copperfield
49.1%
Barnaby Rudge
48.8%
Young Martin Chuzzlewit
47.8%
Jacob Marley
45.1%
Samuel Pickwick
41.4%
Miss Havisham
38.6%
Estella Havisham
37.3%
Philip Pirrip
37%
Bob Cratchitt
32.1%
Mr. Brownlow
30.2%
Major Joseph Bagstock
29.6%
Rose Maylie
29%
Sydney Carton
29%
Kate Nickleby
28.1%
Amy Dorrit
27.8%
Charley Bates
26.5%
Sam Weller
26.2%
Wackford Squeers
25.3%
Nell Trent
24.1%
Uriah Heep
23.8%
Smike
22.5%
Charles Darnay
21.9%
Betsey Trotwood
21.6%
Joe Gargery
21.6%
Peggotty
21%
Lucie Manette
21%
Dora Spenlow
20.7%
Augustus Snodgrass
20.4%
Ralph Nickleby
20.4%
Clara Copperfield
20.4%
Fanny Dorrit
20.4%
Tracy Tupman
19.8%
Monks
19.4%
Mary
18.8%
Fred
18.8%
Christopher 'Kit' Nubbles
18.5%
Esther Summerson
18.5%
Nathaniel Winkle
18.2%
Thomas Gradgrind, Junior
17.9%
Agnes Wickfield
17.6%
Nell's grandfather
16.7%
Mrs. Nickleby
14.8%
Madame Therese Defarge
14.8%
Alfred Jingle
14.5%
Richard Swiveller
14.2%
Mr. Fezziwig
14.2%
John Jarndyce
13.9%
Monsieur Ernest Defarge
13.9%
Mr. Paul Dombey
13.6%
Master Paul Dombey
13.6%
Lady Dedlock
13%
Thomas Gradgrind
13%
Tony Weller
12.7%
Wilkins Micawber
12.7%
Madeline Bray
12.3%
Ada Clare
12.3%
Arthur Clennam
12.3%
Newman Noggs
12%
James Steerforth
12%
% Correct
Dr. Alexandra Manette
12%
Mr. Jaggers
12%
Miss Sarah Brass
11.7%
Martha Varden
11.7%
Emma Haredale
11.7%
Charity Pecksniff
11.7%
Ruth Pinch
11.7%
Sir Mulberry Hawk
11.4%
Mercy Pecksniff
11.4%
Mrs. Fanny Dombey
11.4%
John Browdie
11.1%
Grip
11.1%
Seth Pecksniff
10.8%
Miss Pross
10.8%
Tim Linkinwater
10.5%
Sir Leicester Dedlock
10.5%
Mr. Pumblechook
10.2%
Jonas Chuzzlewit
9.9%
Tom Pinch
9.9%
Tommy Traddles
9.9%
Compeyson
9.9%
Vincent Crummles
9.6%
Frederick Dorrit
9.6%
Rigaud
9.6%
Bella Wilfer
9.6%
Mr. Sampson Brass
9.3%
Sarah Gamp
9.3%
Richard Carstone
9.3%
William Dorrit
9.3%
The Convict
9.3%
Nicodemus Boffin
9.3%
Jenny Wren
9.3%
Edward Murdstone
9%
Cecilia Jupe
9%
Edward Dorrit
9%
Daniel Qulip
8.6%
Mark Tapley
8.6%
Mr. Creakle
8.6%
Stephen Blackpool
8.6%
Gabriel Varden
8.3%
Mr. Anthony Chuzzlewit
8.3%
Captain Edward Cuttle
8.3%
Miss Flite
8.3%
Louisa Gradgrind
8.3%
Jarvis Lorry
8.3%
Peg Sliderskew
8%
The single gentleman
8%
Montague Tigg
8%
Jip
8%
John Harmon
8%
Sir John Chester
7.7%
Josiah Bounderby
7.7%
Flora Finching
7.7%
Tattycoram
7.7%
James Carker
7.4%
The Vengeance
7.4%
'Dolge' Orlick
7.4%
Lizzie Hexam
7.4%
Bradley Headstone
7.4%
Toby 'Trotty' Veck
7.1%
Miss Florence Dombey
7.1%
Harold Skimpole
7.1%
Mr. William Guppy
7.1%
Bentley Drummle
7.1%
Mr Geoffrey Haredale
6.8%
Margaret 'Meg' Veck
6.8%
Lord George Gordon
6.5%
% Correct
Walter Gay
6.5%
Krook
6.5%
John Barsad
6.5%
Charley Hexam
6.5%
Mr. Marton
6.2%
Ned Dennis
6.2%
Mrs. Louisa Chick
6.2%
Dr. Strong
6.2%
Mr. Snagsby
6.2%
Arthur Havisham
6.2%
Edith Granger
5.9%
Mr. George
5.9%
Bitzer
5.9%
Eugene Wrayburn
5.9%
John Peerybingle
5.6%
Mrs. Mary Peerybingle
5.6%
Bertha Plummer
5.6%
Mr. Meagles
5.6%
Mr. Wopsle
5.6%
Mr. Harris
5.2%
Lilian Fern
5.2%
Grace Jeddler
5.2%
Marion Jeddler
5.2%
Mortimer Lightwood
5.2%
Alderman Cute
4.9%
Will Fern
4.9%
Tackleton
4.9%
Mr. M'Choakumchild
4.9%
Old John Willets
4.6%
Old Martrin Chuzzlewit
4.6%
Mr. Nadgett
4.6%
Sir Joseph Bowley
4.6%
Miss. Lucretia Tox
4.6%
Maggy
4.6%
The Marquis St. Evremonde
4.6%
Caleb Plummer
4.3%
Edward Plummer
4.3%
Mrs. Henrietta Boffin
4.3%
May Fielding
4%
Dr. Anthony Jeddler
4%
Clemency Newcombe
4%
Benjamin Britain
4%
Mr. Vholes
4%
Mr. Filer
3.7%
Tilly Slowboy
3.7%
Soloman Gills
3.7%
Professor Redlaw
3.7%
Milly Swidger
3.7%
John Baptist Cavalletto
3.7%
Mrs. Anne Chickenstalker
3.4%
Lawrence Boythorn
3.4%
Mrs. Bangham
3.1%
Mrs. Joe GargeryJoe Gargery
3.1%
Slackbridge
2.8%
Mrs. Ticket
2.8%
Snitchey
2.5%
Mr. Morfin
2.5%
Michael Warden
1.9%
Sophia Tetterby
1.9%
Dr. Haggage
1.5%
Alfred Heathfield
1.2%
Mr. Perch
1.2%
Philip Swidger
1.2%
William Swidger
0.6%
Adolphus Tetterby
0.6%
Mr. Cripples
0.6%

You're not logged in!

Compare scores with friends on all Sporcle quizzes.
OR
Log In

Show Comments

Extras

Top Quizzes Today


Score Distribution

Your Account Isn't Verified!

In order to create a playlist on Sporcle, you need to verify the email address you used during registration. Go to your Sporcle Settings to finish the process.

Report this User

Report this user for behavior that violates our Community Guidelines.

Details: